Sports Quiz

Random Sports or Baseball Quiz

MLB Wins Leaders (1980s) Quiz Stats

 Plays Quiz not verified by Sporcle

Challenge
Share
Tweet
Embed
Score 0/35 Timer 10:00
0 Plays Today
Wins Pitcher % Correct
162Jack Morris
94.8%
122Nolan Ryan
91.4%
100Dwight Gooden
89.7%
104Steve Carlton
86.2%
128Fernando Valenzuela
82.8%
140Dave Stieb
80.2%
114Mike Scott
78.7%
101Dave Stewart
78.4%
100Phil Niekro
78.4%
111Ron Guidry
77.6%
105Joe Niekro
77.6%
117Frank Viola
77%
123Bert Blyleven
76.7%
137Bob Welch
74.7%
107Don Sutton
69.5%
116Rick Sutcliffe
68.7%
104John Tudor
66.1%
101Mike Boddicker
62.4%
Wins Pitcher % Correct
128Charlie Hough
62.1%
107Dennis Martinez
61.2%
103Mike Flanagan
58.9%
103Bruce Hurst
58.9%
107Frank Tanana
54%
109Mike Witt
50%
107Dan Petry
47.7%
107Scott McGregor
47.4%
112Doyle Alexander
45.7%
109Rick Rhoden
45.7%
105Jerry Reuss
42.5%
109Rich Dotson
38.8%
119Jim Clancy
37.4%
112Floyd Bannister
36.8%
105Bob Knepper
35.6%
101Bill Gullickson
33.6%
102Shane Rawley
19.3%

You're not logged in!

Compare scores with friends on all Sporcle quizzes.
Join for Free
OR
Log In

You Might Also Like...

Show Comments

Extras

Top Quizzes Today


Score Distribution

Your Account Isn't Verified!

In order to create a playlist on Sporcle, you need to verify the email address you used during registration. Go to your Sporcle Settings to finish the process.

Report this User

Report this user for behavior that violates our Community Guidelines.

Details: